000 01394cam a2200385 a 4500
999 _c3917
_d3917
001 16054583
003 OSt
005 20241119160534.0
008 100114s2009 enk d 000 0 eng
010 _a 2010290441
015 _aGBA930063
_2bnb
016 7 _a014937094
_2Uk
020 _a9780198005940 (pbk.)
020 _a0198005946 (pbk.)
035 _a(OCoLC)ocn317251455
040 _aUKM
_cUKM
_dBRL
_dBWKUK
_dBWK
_dVP@
_dDLC
_dKH8
041 0 _aeng
_achi
042 _alccopycat
082 0 4 _a495.1321 OXF
_222
245 0 0 _aPocket Oxford Chinese dictionary :
_bEnglish-Chinese, Chinese-English /
_cmonolingual English text edited by Martin H. Manser ; English-Chinese dictionary edited and translated by Zhu Yuan, Wang Liangbi, Ren Yongchang ; Chinese-English dictionary edited by Wu Jingrong ... [et al.]..
250 _a4th ed.
260 _aOxford ;
_aNew York :
_bOxford University Press/Commercial Press,
_c2009.
300 _a633 pages ;
_c20 cm.
500 _aPrevious ed.: 2003.
500 _a"Plus Writing Guide with Useful phrases"--Cover.
546 _aText in English and Chinese.
650 0 _aChinese language
_vDictionaries
_xEnglish.
650 0 _aEnglish language
_vDictionaries
_xChinese.
700 1 _aManser, Martin H.
700 1 _aZhu, Yuan.
700 1 _aWang, Liangbi.
700 1 _aRen, Yongchang.
700 1 _aWu, Jingrong.
942 _2ddc
_cREF